Pôvod chotárneho názvu Geradza

Bibliographic Details
Main Author: Uhlár, Vlado, 1912-1996 (Author)
Format: Article
Language:Slovak
Subjects:

MARC

LEADER 00000nab a2200000 a 4500
001 vtls009181083
003 SK-MaSNL
005 20260304153949.0
008 250507c1972 xo |||||| | ||00 b|slo
015 |a SNBRB2008/02  |2 snkbucl 
035 |a (uuid)9c2458ab-a83c-45ef-a841-82cedf9e6046 
035 |a urn:nbn:sk:snk-abc2z4 
035 |a (urnnbn)urn:nbn:sk:snk:ar-002rjv 
038 |a SNKBUCL 
040 |a SNKBUCL  |b slo  |c SNKBUCL  |e AACR2 
041 0 |a slo 
044 |a xo  |c SK 
080 |a 811.162.4`373.21  |2 1997 
080 |a 81`373.21:811.162.4  |2 1997 
080 |a 81`373.6:811.162.4  |2 1997 
080 |a 811.162.4`373.6  |2 1997 
100 1 |a Uhlár, Vlado,  |d 1912-1996  |4 aut  |9 106775 
245 1 0 |a Pôvod chotárneho názvu Geradza  |c Vlado Uhlár 
504 |a Bibliografia. Bibliogr. odkaz v poznámkach 
650 0 7 |a slovenčina  |2 snkbucl  |9 1350 
650 0 7 |a hydronymá  |2 snkbucl  |9 21187 
650 0 7 |a názvy potokov  |2 snkbucl  |9 1469088 
773 0 |t Slovenská reč  |g Roč. 37, č. 2 (1972), s. 80-84 
850 |a Slovenská národná knižnica 
852 |a Slovenská národná knižnica 
954 |a odborná, vedecká literatúra pôvodná (slovenská)  |2 lita 
958 |a article15 
958 |a OND 
958 |a NB 
958 |a EUIPO 
999 |c 2955713  |d 2957643